000 00585nam a2200217Ii 4500
003 JO-AjNU
008 230606s9999||||xx |||||||||||||| ||und||
020 _a0-631-20574-8
040 _aJO-AjNU
_beng
_erda
_cJO-AjNU
041 _aeng
050 1 4 _aLB1050 2002
100 3 _aSnowling,Margaret J,
_eauthor
_994
245 0 0 _aDyslexia
250 _a2 ed
264 3 1 _aUSA:Blackwell Publishing,2006
300 _a261P
336 _atext
_btxt
_2rdacontent
337 _aunmediated
_bn
_2rdamedia
338 _avolume
_bnc
_2rdacarrier
650 4 _aDyslexia. Reading-Remedial teaching
_995
999 _aE51
_c51
_d51